000
00331nam a2200133Ia 4500
008
151001s9999||||xx |||||||||||||| ||und||
100
_a
वा शि आपटे
245
_a
कुसुममाला
250
_a
2
260
_b
शिराळकर आणि कं .
260
_c
1946
300
_a
168
365
_b
9
999
_c
953179
_d
953176